2010s Oscar Best Actress Nominees - Statistics

General Stats
  • This quiz has been taken 20,506 times
    13,819 since last reset
  • The average score is 17 of 38
Answer Stats
Movie Actor % Correct
A Star is Born Lady Gaga
90%
La La Land Emma Stone
89%
August: Osage County, The Iron Lady, Julie & Julia, Florence Foster Jenkins, The Post Meryl Streep
89%
Gravity, The Blind Side Sandra Bullock
87%
Joy, Silver Linings Playbook, Winter's Bone Jennifer Lawrence
86%
The Black Swan, Jackie Natalie Portman
86%
I, Tonya Margot Robbie
71%
Carol, Blue Jasmine Cate Blanchett
68%
Brooklyn, Lady Bird Saoirse Ronan
60%
Three Billboards Outside Ebbing, Missouri Frances McDormand
59%
American Hustle Amy Adams
58%
Room Brie Larson
57%
Still Alice Julianne Moore
55%
The Favourite Olivia Colman
55%
Zero Dark Thirty Jessica Chastain
47%
Philomena Judi Dench
47%
The Girl with the Dragon Tattoo Rooney Mara
46%
The Help Viola Davis
46%
Wild Reese Witherspoon
45%
Gone Girl Rosamund Pike
44%
Albert Nobbs, The Wife Glenn Close
43%
My Week with Marilyn, Blue Valentine Michelle Williams
42%
The Theory of Everything Felicity Jones
36%
Rabbit Hole Nicole Kidman
36%
Can You Ever Forgive Me? Melissa McCarthy
31%
The Impossible Naomi Watts
31%
The Shape of Water Sally Hawkins
27%
The Kids Are All Right Annette Bening
25%
The Last Station Helen Mirren
25%
An Education Carey Mulligan
22%
Precious Gabourey Sidibe
20%
Two Days, One Night Marion Cotillard
19%
Beasts of the Southern Wild Quvenzhané Wallis
18%
Loving Ruth Negga
17%
Elle Isabelle Huppert
16%
45 Years Charlotte Rampling
14%
Roma Yalitza Aparicio
13%
Amour Emmanuelle Riva
12%
No matching quizzes found
Score Distribution
Percent of People with Each Score
Percentile by Number Answered
Your Score History
You have not taken this quiz since the last reset